| 000 | 00715cab a2200241 4500 | ||
|---|---|---|---|
| 001 | WB2936-01 | ||
| 008 | 090401t1993 xxu||||| |||| 00| 0 eng d | ||
| 035 | _a(Sirsi) u37784 | ||
| 041 | _aeng | ||
| 245 | _aFine art on view by telephone | ||
| 260 | _c1993 | ||
| 350 | _a0 | ||
| 490 |
_aDaily Telegraph _v27 September 1993, 30(1) |
||
| 520 | _aChristie`s is trying out a more sophisticated videophone, which would allow the valuation of items from a distance by viewing the item on screen. | ||
| 650 |
_aAuctioneering _96218 |
||
| 650 | _aCHATTELS | ||
| 650 | _aCHRISTIES | ||
| 650 | _aVALUATIONS | ||
| 650 | _aVIDEOCONFERENCING | ||
| 690 |
_aAuctioneering _96218 |
||
| 942 | _n0 | ||
| 948 | _c04/03/1997 | ||
| 999 |
_c24321 _d24321 |
||